[Event "DRUZYNOWE MISTRZOSTWA POLSKI - II LIGA 2018"]
[Site "Jastrzebia Gora"]
[Date "1899-12-30"]
[Round "5.106"]
[White "Leszner, Liliana"]
[Black "Liberadzki, Slawomir"]
[Result "1-0"]
[WhiteTitle "WIM"]
[BlackTitle "k"]
[WhiteElo "2017"]
[BlackElo "1955"]

1. e4 c5 2. Nc3 Nc6 3. g3 g6 4. Bg2 Bg7 5. d3 e6 6. Be3 d6 7. Qd2 Rb8 8. Nf3 b5
9. O-O b4 10. Nd1 Qb6 11. Nh4 h6 12. f4 Nge7 13. Bh3 f5 14. Qf2 Kf7 15. g4 Nd4
16. gxf5 exf5 17. Bg2 Bf6 18. c3 Nc2 19. Qxc2 Bxh4 20. e5 dxe5 21. cxb4 exf4 22.
bxc5 Qa5 23. Bxf4 Rb5 24. Bd2 Qd8 25. Qc4+ Be6 26. Qxb5 Qd4+ 27. Be3 Qg4 28. h3
Qe2 29. Bf3 Bf2+ 30. Rxf2 Qe1+ 31. Kg2 f4 32. Bxf4 Nf5 33. Bg3 Nxg3 34. Kxg3 Qe5+
35. Kg2 Rf8 36. Bg4+ Kg7 37. Rxf8 Kxf8 38. Bxe6 Qxe6 39. Nf2 Qe5 40. Qc4 Qg5+
41. Qg4 Qxc5 42. Re1 h5 43. Qxg6 Qd5+ 44. Kg1 1-0

[Event "DRUZYNOWE MISTRZOSTWA POLSKI - II LIGA 2018"]
[Site "Jastrzebia Gora"]
[Date "1899-12-30"]
[Round "5.107"]
[White "Koziol, Pawel"]
[Black "Magierski, Dariusz"]
[Result "1-0"]
[WhiteTitle "I++"]
[BlackTitle "II"]
[WhiteElo "1880"]
[BlackElo "1614"]

1. d4 Nf6 2. Nf3 g6 3. c4 Bg7 4. Nc3 d5 5. e3 c6 6. Bd3 Nbd7 7. O-O O-O 8. Qe2
Qc7 9. cxd5 Nxd5 10. Nxd5 cxd5 11. Bd2 e5 12. Rfc1 Qd6 13. Bb5 e4 14. Ne1 a6 15.
Ba4 b5 16. Bb3 Nb6 17. a3 Re8 18. Bb4 Qe6 19. Rc3 Nc4 20. Bxc4 dxc4 21. a4 Bb7
22. axb5 axb5 23. Rca3 Rxa3 24. Rxa3 Ra8 25. Nc2 f5 26. Qd1 Rxa3 27. Nxa3 Qd7
28. Nc2 Be5 29. Qa1 Bb8 30. Qa5 Bc7 31. Qa7 Bc6 32. Qc5 h5 33. Qf8+ Kh7 34. Be7
Qe8 35. Qf6 Bd5 36. Nb4 Bg8 37. Na6 Ba5 38. Bf8 Qf7 39. Qd6 c3 40. bxc3 Bxc3 41.
Nc5 b4 42. Nd7 Qe6 43. Qf4 g5 44. Qxg5 1-0

[Event "DRUZYNOWE MISTRZOSTWA POLSKI - II LIGA 2018"]
[Site "Jastrzebia Gora"]
[Date "1899-12-30"]
[Round "5.108"]
[White "Bogusz, Katarzyna"]
[Black "Baranska, Monika"]
[Result "0-1"]
[WhiteTitle "I"]
[BlackTitle "I++"]
[WhiteElo "1291"]
[BlackElo "1734"]

1. d4 d5 2. Bf4 Nf6 3. e3 Bf5 4. Bd3 Bxd3 5. cxd3 e6 6. Nf3 Bd6 7. Ne5 O-O 8. O-O
c5 9. Nc3 cxd4 10. Nb5 Bxe5 11. Bxe5 Nc6 12. Bg3 dxe3 13. fxe3 Ne8 14. Nc3 Nd6
15. h3 Nf5 16. Rxf5 exf5 17. Qf3 d4 18. Nd5 dxe3 19. Qxf5 Nd4 20. Qh5 Ne2+ 21.
Qxe2 Qxd5 22. Qxe3 Rfe8 23. Qd2 Rad8 24. Rd1 Qxa2 25. Qc3 Qd5 26. Bf2 Re2 27.
d4 h6 28. b4 Qf5 29. Bg3 Rc8 30. Rf1 Qxf1+ 0-1

[Event "DRUZYNOWE MISTRZOSTWA POLSKI - II LIGA 2018"]
[Site "Jastrzebia Gora"]
[Date "1899-12-30"]
[Round "6.1"]
[White "Sapis, Witalis"]
[Black "Zaskalski, Arkadiusz"]
[Result "1-0"]
[WhiteTitle "IM"]
[BlackTitle "k"]
[WhiteElo "2369"]
[BlackElo "2186"]

1. d4 Nf6 2. Nf3 e6 3. c4 b6 4. Nc3 Bb7 5. a3 Be7 6. d5 d6 7. e4 e5 8. h3 O-O 9.
Be3 a5 10. Bd3 Nbd7 11. g4 g6 12. Bh6 Re8 13. b4 axb4 14. axb4 Rxa1 15. Qxa1 Qa8
16. Kd2 Qxa1 17. Rxa1 Ra8 18. Rxa8+ Bxa8 19. Nb5 Ne8 20. Na7 Nb8 21. Kc3 Bb7 22.
Be3 f6 23. Bc2 Kf7 24. Ne1 g5 25. Ba4 Bd8 26. Nd3 Be7 27. f3 h6 28. Bb5 Kf8 29.
Kb3 Kf7 30. Ka4 Kf8 31. Bc6 Bxc6+ 32. dxc6 Ng7 33. Bxb6 Nxc6 34. Nxc6 cxb6 35.
Kb5 Ne6 36. Kxb6 Ke8 37. b5 Kd7 38. Kb7 Bd8 39. b6 1-0

[Event "DRUZYNOWE MISTRZOSTWA POLSKI - II LIGA 2018"]
[Site "Jastrzebia Gora"]
[Date "1899-12-30"]
[Round "6.2"]
[White "Jaskolka, Tomasz"]
[Black "Antolak, Julia"]
[Result "1-0"]
[WhiteTitle "k+"]
[BlackTitle "WFM"]
[WhiteElo "2177"]
[BlackElo "2207"]

1. d4 Nf6 2. Bf4 e6 3. e3 d5 4. Nd2 Bd6 5. Bg3 b6 6. c3 O-O 7. Ngf3 c5 8. Bd3 Bb7
9. Ne5 Nc6 10. f4 c4 11. Bc2 b5 12. a3 a5 13. Qf3 Ne7 14. Bh4 Nf5 15. Bxf6 gxf6
16. Ng4 Nh4 17. Qg3 Ng6 18. h4 f5 19. h5 Ne7 20. Ne5+ Kh8 21. Ng6+ hxg6 22. Qg5
Kg7 23. h6+ Kh7 24. Qf6 Rg8 25. Qxf7+ Kh8 26. Qf6+ Kh7 27. Qf7+ Kh8 28. Qf6+ Kh7
29. Qxe6 Rf8 30. Nf3 Qc7 31. Ng5+ Kh8 32. Nf7+ Rxf7 33. Qxf7 Nc6 34. Qxg6 Qe7
35. Qg7+ Qxg7 36. hxg7+ Kxg7 37. Bxf5 Ne7 38. Bc2 Rh8 39. Rxh8 Kxh8 40. Kf2 Bc8
41. g4 Kg7 42. Rh1 b4 43. axb4 axb4 44. cxb4 Bxb4 45. Rh7+ Kg8 46. Kf3 Bd7 47.
Rh6 Kf7 48. Rh7+ Kg8 49. Rh6 Kf7 50. f5 c3 51. bxc3 Bxc3 52. Rh7+ Ke8 53. f6 Nc6
54. Bg6+ Kd8 55. f7 1-0

[Event "DRUZYNOWE MISTRZOSTWA POLSKI - II LIGA 2018"]
[Site "Jastrzebia Gora"]
[Date "1899-12-30"]
[Round "6.3"]
[White "Karwowski, Kacper"]
[Black "Markiewicz, Jerzy"]
[Result "1/2-1/2"]
[WhiteTitle "k"]
[BlackTitle "FM"]
[WhiteElo "2164"]
[BlackElo "2170"]

1. e4 g6 2. Nc3 Bg7 3. Nge2 c6 4. d4 d5 5. g3 dxe4 6. Nxe4 Nd7 7. Bg2 Ngf6 8. Nxf6+
Nxf6 9. c3 Be6 10. O-O Bd5 11. Nf4 Bxg2 12. Kxg2 O-O 13. Re1 e6 14. Qb3 Qb6 15.
Nd3 Nd7 16. Bf4 Qa6 17. Rad1 b6 18. h4 Rfe8 19. h5 c5 20. dxc5 bxc5 21. Ne5 Nxe5
22. Bxe5 Bxe5 23. Rxe5 Rab8 24. Qa3 Qb7+ 25. Kg1 Red8 26. Rde1 Qxb2 27. Qxc5 Qxa2
28. h6 Qd2 29. R5e3 Qd5 30. Qxa7 Rb7 31. Qa4 Qg5 32. c4 Qxh6 33. c5 Qg5 34. c6
Rc7 35. Rc1 Rd6 36. Rec3 1/2-1/2

[Event "DRUZYNOWE MISTRZOSTWA POLSKI - II LIGA 2018"]
[Site "Jastrzebia Gora"]
[Date "1899-12-30"]
[Round "6.4"]
[White "Augustyn, Sebastian"]
[Black "Rudnicki, Milosz"]
[Result "1/2-1/2"]
[WhiteTitle "k"]
[BlackTitle "k"]
[WhiteElo "2173"]
[BlackElo "2184"]

1. d4 d5 2. Nc3 Nf6 3. Bg5 Nbd7 4. Qd3 c6 5. e4 dxe4 6. Nxe4 Nxe4 7. Qxe4 Qa5+
8. Bd2 Qd5 9. Qe3 Nf6 10. Ne2 Bf5 11. Nc3 Qd7 12. O-O-O e6 13. f3 Nd5 14. Nxd5
cxd5 15. Bd3 Bxd3 16. Qxd3 Rc8 17. Kb1 Be7 18. h4 Qa4 19. Bg5 Qc4 20. Bxe7 Qxd3
21. Rxd3 Kxe7 22. Ra3 a6 23. Rb3 Rc7 24. Rb6 h5 25. Rh3 Rh6 26. Rg3 Kf6 27. Kc1
Rg6 28. Rxg6+ Kxg6 29. Kd2 Kf5 30. g3 g5 31. hxg5 Kxg5 32. c3 h4 33. gxh4+ Kxh4
34. Ke3 Kg5 35. a4 Kf5 36. a5 Rd7 37. Rb4 Rc7 38. Rb6 Rd7 39. Rb4 Rc7 40. Rb6
Rd7 41. Rb4 1/2-1/2

[Event "DRUZYNOWE MISTRZOSTWA POLSKI - II LIGA 2018"]
[Site "Jastrzebia Gora"]
[Date "1899-12-30"]
[Round "6.5"]
[White "Wacior, Maciej"]
[Black "Czarnecki, Wojciech"]
[Result "1-0"]
[WhiteTitle "k"]
[BlackTitle "k"]
[WhiteElo "2099"]
[BlackElo "1971"]

1. d4 f5 2. Bf4 Nf6 3. e3 b6 4. Nf3 e6 5. Be2 Bb7 6. h3 Be7 7. Nbd2 O-O 8. c3 Ne4
9. Nxe4 Bxe4 10. Rg1 d6 11. Qb3 Bd5 12. Bc4 Bxc4 13. Qxc4 Qc8 14. g4 d5 15. Qe2
Nd7 16. gxf5 exf5 17. O-O-O Kh8 18. Rg2 Bf6 19. Rdg1 Rg8 20. Ng5 Bxg5 21. Rxg5
Nf8 22. Be5 Ne6 23. R5g2 Qd7 24. Qh5 Raf8 25. f4 Qe8 26. Rg6 Qf7 27. Qh4 1-0

[Event "DRUZYNOWE MISTRZOSTWA POLSKI - II LIGA 2018"]
[Site "Jastrzebia Gora"]
[Date "1899-12-30"]
[Round "6.6"]
[White "Mirowska, Oliwia"]
[Black "Gosciniak, Maria"]
[Result "1/2-1/2"]
[WhiteTitle "I++"]
[BlackTitle "WFM"]
[WhiteElo "1503"]
[BlackElo "2093"]

1. a3 e5 2. c4 a5 3. Nc3 Nc6 4. g3 f5 5. d3 g6 6. Bg2 Bg7 7. Bd2 Nf6 8. Nf3 O-O
9. O-O d6 10. Qc1 Bd7 11. Bh6 Ng4 12. Bxg7 Kxg7 13. Nd5 Ne7 14. Nxe7 Qxe7 15.
h3 Nf6 16. b4 Bc6 17. b5 Bxf3 18. Bxf3 Rab8 19. Qd2 b6 20. Bg2 h6 21. e3 Rbd8
22. d4 e4 23. Qc3 Kh7 24. Rfc1 Nd7 25. Re1 Qg5 26. Kh2 h5 27. Qc2 h4 28. Qe2 hxg3+
29. fxg3 Kg7 30. Qf2 Rh8 31. Kg1 Rh7 32. Kf1 Nf6 33. Qf4 Qxf4+ 34. gxf4 Nd7 35.
Kf2 Kf6 36. Rf1 Rdh8 37. Rg1 Rg7 38. Bf1 Rh5 39. Rg3 g5 40. Be2 Rh8 41. Rag1 Rhg8
42. fxg5+ Rxg5 43. h4 Rxg3 44. Rxg3 Rxg3 45. Kxg3 Nf8 46. Kf4 Ne6+ 47. Kg3 Nd8
1/2-1/2

[Event "DRUZYNOWE MISTRZOSTWA POLSKI - II LIGA 2018"]
[Site "Jastrzebia Gora"]
[Date "1899-12-30"]
[Round "6.7"]
[White "Nowak, Kamil"]
[Black "Golubka, Petro"]
[Result "0-1"]
[WhiteTitle "m"]
[BlackTitle "IM"]
[WhiteElo "2288"]
[BlackElo "2457"]

1. d4 Nf6 2. c4 e6 3. Nc3 Bb4 4. Qc2 O-O 5. a3 Bxc3+ 6. Qxc3 Nc6 7. Nf3 a5 8. Bg5
h6 9. Bh4 d6 10. e3 Re8 11. Bd3 e5 12. dxe5 dxe5 13. Nd2 Qd4 14. Qxd4 exd4 15.
Bxf6 gxf6 16. O-O-O Ne5 17. Be2 d3 18. Bf3 Ra6 19. Kb1 f5 20. g3 Bd7 21. Rhf1
b5 22. c5 b4 23. axb4 Rb8 24. Bd5 Rxb4 25. Nf3 Nxf3 26. Bxf3 Bb5 27. Rd2 a4 28.
Rc1 a3 29. Rc3 Bc4 30. Bd1 axb2 31. Rxb2 Rxb2+ 32. Kxb2 Ra2+ 33. Kb1 Be6 34. Rxd3
Rxf2 35. Rd4 Rxh2 36. Bc2 Rg2 37. Rf4 Rxg3 38. Bxf5 Rxe3 39. Bxe6 Rxe6 40. Kc2
Re5 41. Rc4 f5 42. Kd3 Kf7 43. Rh4 Rxc5 44. Rxh6 Ke7 45. Kd4 Ra5 46. Rh7+ Kd6
47. Rh6+ Kd7 48. Rh7+ Kc6 49. Rh6+ Kb7 50. Rf6 c6 51. Rf8 Kc7 52. Rf6 Kb6 53.
Rf8 Ra4+ 54. Kc3 f4 55. Kb3 Re4 56. Kc3 c5 57. Rb8+ Kc7 58. Rf8 Kd7 59. Rf6 Rd4
60. Kb3 Ke7 61. Rc6 Rd5 62. Kc4 Rf5 63. Rxc5 Rxc5+ 64. Kxc5 f3 65. Kd4 0-1

[Event "DRUZYNOWE MISTRZOSTWA POLSKI - II LIGA 2018"]
[Site "Jastrzebia Gora"]
[Date "1899-12-30"]
[Round "6.8"]
[White "Barski, Radoslaw"]
[Black "Piotrowski, Przemyslaw"]
[Result "1-0"]
[WhiteTitle "IM"]
[BlackTitle "k+"]
[WhiteElo "2447"]
[BlackElo "2306"]

1. e4 c5 2. Nf3 Nc6 3. d4 cxd4 4. Nxd4 Nf6 5. Nc3 d6 6. Bc4 e6 7. Be3 a6 8. Qe2
Qc7 9. O-O-O Na5 10. Bd3 b5 11. a3 Bb7 12. f4 Rc8 13. Kb1 Be7 14. g4 Nc4 15. g5
Nxb2 16. Ncxb5 axb5 17. gxf6 Bxf6 18. Kxb2 Qc3+ 19. Kb1 Kf8 20. e5 Qxa3 21. exf6
Ra8 22. fxg7+ Kxg7 23. Nxe6+ fxe6 24. Bd4+ e5 25. Bxe5+ dxe5 26. Qxe5+ Kf7 27.
Bc4+ 1-0

[Event "DRUZYNOWE MISTRZOSTWA POLSKI - II LIGA 2018"]
[Site "Jastrzebia Gora"]
[Date "1899-12-30"]
[Round "6.9"]
[White "Maciol, Ryszard"]
[Black "Kyc, Jerzy"]
[Result "0-1"]
[WhiteTitle "k"]
[BlackTitle "k"]
[WhiteElo "2171"]
[BlackElo "2313"]

1. d4 Nf6 2. Nf3 g6 3. e3 Bg7 4. Be2 d5 5. b4 O-O 6. O-O b6 7. c4 dxc4 8. Bxc4
Bb7 9. Nbd2 Nbd7 10. Bb2 c5 11. bxc5 bxc5 12. Rb1 cxd4 13. Bxd4 Nb6 14. Be2 Ne4
15. Nxe4 Bxe4 16. Rb4 Qd6 17. a3 Bf5 18. Bxg7 Qxd1 19. Rxd1 Kxg7 20. Nd4 Bd7 21.
Nb5 Bxb5 22. Bxb5 e6 23. e4 Rfd8 24. Rxd8 Rxd8 25. g3 Rd1+ 26. Kg2 Ra1 27. Rb3
Kf6 28. Kf3 Ke5 29. Ke3 f5 30. exf5 gxf5 31. Ba6 Nd7 32. Rc3 Nf6 33. f4+ Kd6 34.
Kf3 Ra2 35. Be2 Ne4 36. Rd3+ Ke7 37. Ke3 a5 38. Kf3 Nd2+ 39. Kf2 Nb1 40. Rb3 Nxa3
41. Rb7+ Kf6 42. Rxh7 Nb5 43. Ke3 Ra3+ 44. Kd2 Nd6 45. Rh6+ Ke7 46. Rh7+ Kf8 47.
Rh6 Ne4+ 48. Kc1 Kf7 49. Kb2 Rc3 50. Rh7+ Kg6 51. Ra7 Re3 52. Bc4 Nd2 53. Ba2
Re2 54. Ka3 Nf1 55. g4 fxg4 56. Rxa5 Re3+ 57. Kb4 Nxh2 58. Bxe6 g3 59. Rg5+ Kf6
60. Bd5 Nf1 61. Bg2 Nd2 62. Kc5 Nb3+ 63. Kd5 Nc1 64. Bf1 Na2 65. Bc4 Nb4+ 66.
Kc5 Nc2 67. Bf1 Rc3+ 68. Kb5 Nd4+ 69. Kb4 Rf3 70. Bc4 Nf5 71. Rg4 Ne3 72. Be2
Nc2+ 73. Kc4 Re3 74. Bd3 Ne1 75. Bf1 Nf3 76. Bg2 Kf5 77. Bh3 Kf6 78. Kd5 Ng1 79.
Bg2 Kf5 80. Rh4 Rd3+ 81. Kc4 Rd2 82. Bb7 Ne2 83. Bc8+ Ke4 84. f5+ Ke3 85. Bb7
Rc2+ 86. Kb3 Rc5 87. Be4 Re5 88. f6 Rxe4 89. f7 Nd4+ 90. Kb2 Ne6 0-1

[Event "DRUZYNOWE MISTRZOSTWA POLSKI - II LIGA 2018"]
[Site "Jastrzebia Gora"]
[Date "1899-12-30"]
[Round "6.10"]
[White "Marszalek, Maciej"]
[Black "Kolasinski, Krzysztof"]
[Result "1-0"]
[WhiteTitle "m"]
[BlackTitle "I++"]
[WhiteElo "2272"]
[BlackElo "2118"]

1. Nf3 Nf6 2. c4 g6 3. g3 Bg7 4. Bg2 O-O 5. O-O d6 6. Nc3 e5 7. d4 Nc6 8. dxe5
dxe5 9. Bg5 Be6 10. Qa4 Qe8 11. Rfd1 Nd7 12. Nd5 Bxd5 13. cxd5 Nd4 14. Nxd4 exd4
15. Rac1 Rc8 16. Bf4 Ne5 17. Qb3 c5 18. dxc6 bxc6 19. Rxd4 Rb8 20. Rb4 Rxb4 21.
Qxb4 Qe6 22. b3 Rd8 23. Qa5 Rd7 24. Qa6 h6 25. Bxe5 Bxe5 26. Bf3 Rc7 27. Rxc6
Rxc6 28. Bxc6 h5 29. Qb7 h4 30. Bd5 Qf6 31. Qxa7 Kg7 32. Qe3 hxg3 33. hxg3 Qd6
34. Qf3 f5 35. Kg2 Qc5 36. Bc4 Kf6 37. Qb7 Bc7 38. e3 g5 39. Qa8 f4 40. Qh8+ Ke7
41. Qg7+ Kd8 42. Qg8+ Kd7 43. Qe6+ Kd8 44. Qd5+ Qxd5+ 45. Bxd5 Kd7 46. exf4 gxf4
47. g4 Kd6 48. Bc4 Ke5 49. a4 Ba5 50. Kf3 Bd2 51. Ke2 Bb4 52. Kd3 Ba5 53. f3 Ke4+
54. Kxe4 1-0

[Event "DRUZYNOWE MISTRZOSTWA POLSKI - II LIGA 2018"]
[Site "Jastrzebia Gora"]
[Date "1899-12-30"]
[Round "6.11"]
[White "Fiedorek, Michal"]
[Black "Popiol, Michal"]
[Result "0-1"]
[WhiteTitle "I"]
[BlackTitle "k+"]
[WhiteElo "2186"]
[BlackElo "2182"]

1. e4 c5 2. Nf3 d6 3. d4 cxd4 4. Nxd4 Nf6 5. Nc3 a6 6. Be3 e5 7. Nf3 Be7 8. Bc4
O-O 9. O-O Be6 10. Bb3 Nc6 11. Qe2 Na5 12. Rfd1 Nxb3 13. axb3 Qc7 14. Bg5 Ne8
15. Bxe7 Qxe7 16. Qd2 Rc8 17. Ne1 f5 18. exf5 Bxf5 19. Nd5 Qf7 20. c3 Kh8 21.
Nc2 Nf6 22. Nce3 Nxd5 23. Nxd5 Be6 24. Ra5 b5 25. f3 Rc5 26. Ne3 Rc6 27. b4 d5
28. Nc2 Qc7 29. Ne1 d4 30. cxd4 Rd8 31. Qe3 exd4 32. Qg5 Bb3 33. Rd3 Bc4 34. Rd2
d3 35. Qg3 Qe7 36. Ra1 Rg6 37. Qf2 Qxb4 38. Rad1 Rgd6 39. Qe3 Bb3 40. Rc1 Re6
41. Qf2 Red6 42. Qe3 Bc4 43. Rcd1 h6 44. g4 Qb3 45. h4 Bg8 46. h5 Bh7 47. Rc1
Re6 48. Qf2 Rde8 49. Nxd3 Bxd3 50. Rc3 Re1+ 51. Kg2 Bf1+ 52. Qxf1 Qxc3 53. Qxe1
Qxf3+ 54. Kxf3 Rxe1 55. Rd8+ Kh7 56. Rd6 Ra1 57. b4 Ra4 58. Rb6 Kg8 59. Kg3 Kf7
60. Kf3 Ke7 61. Kg3 Kf7 62. Kf3 Ke7 63. Kg3 Rxb4 64. Rxa6 Rb1 65. Rb6 b4 66. Kg2
b3 67. Kh2 b2 68. Kg2 Kd7 69. Kh2 Kc7 70. Rb5 Kc6 71. Rb8 Kd5 72. Rb4 Kc5 73.
Rb8 Kd4 74. Kg2 Ke4 75. Rb3 Kf4 76. Rb4+ Kg5 77. Kh2 Kh4 78. Kg2 Rc1 79. Rxb2
Rc4 80. Kf3 Rxg4 81. Rh2+ Kg5 82. Rh1 Rh4 83. Rg1+ Kf6 84. Rg6+ Kf7 85. Ra6 Rxh5
86. Kg4 Rg5+ 87. Kf4 Rb5 88. Ra7+ Kg6 89. Ra6+ Kh5 0-1

[Event "DRUZYNOWE MISTRZOSTWA POLSKI - II LIGA 2018"]
[Site "Jastrzebia Gora"]
[Date "1899-12-30"]
[Round "6.12"]
[White "Dziodzio, Angelika"]
[Black "Dmochowska, Agnieszka"]
[Result "1/2-1/2"]
[WhiteTitle "WFM"]
[BlackTitle "WCM"]
[WhiteElo "2149"]
[BlackElo "2125"]

1. g3 Nf6 2. Bg2 d5 3. c4 c6 4. cxd5 cxd5 5. Nf3 g6 6. Nc3 Bg7 7. O-O O-O 8. d4
Ne4 9. Bf4 Nc6 10. Qa4 Bg4 11. Rfd1 Qd7 12. Rac1 Rac8 13. Be3 Nxc3 14. bxc3 a6
15. Qa3 Bxf3 16. Bxf3 Na7 17. Qb3 Rc4 18. Bf4 f5 19. e4 fxe4 20. Bxe4 b5 21. Bg2
Nc6 22. Re1 Bf6 23. Bf1 Na5 24. Qd1 Rc6 25. a4 Nc4 26. axb5 axb5 27. Rb1 Ra6 28.
Qb3 Ra5 29. Bg2 Rfa8 30. h4 R8a6 31. Bh6 Kf7 32. Qb4 Qd6 33. Bf4 Qd7 34. Bh6 Qd6
35. Qxd6 Rxd6 36. Bf4 Rd7 37. Bh3 Rda7 38. Be6+ Kg7 39. Bxd5 Na3 40. Rb3 b4 41.
Be6 bxc3 42. Rxc3 Bxd4 43. Rc8 Ra8 44. Bb8 h5 45. Bc7 Rxc8 46. Bxc8 Ra7 47. Rxe7+
Kf8 48. Rd7 Nb5 49. Bd6+ Ke8 50. Rxa7 Bxa7 51. Be5 Nd4 52. Kg2 Nc2 53. Ba6 Ke7
54. Bc4 Nd4 55. Ba2 Nf5 56. f3 Be3 57. Kh3 Bf2 58. Bb3 Be1 59. Bf4 Kf6 60. Bg5+
Kg7 61. g4 hxg4+ 62. fxg4 Nh6 63. Be6 Bc3 64. Kg3 Ng8 65. Be3 Nf6 66. Kf4 Bb2
67. g5 Nh5+ 68. Kf3 Bc3 69. Bf2 Kh7 70. Bc4 Ng7 71. Kg4 Be5 72. Bg3 Bd4 73. Bd3
Nh5 74. Bd6 Bf2 75. Be5 Be1 76. Be4 1/2-1/2

[Event "DRUZYNOWE MISTRZOSTWA POLSKI - II LIGA 2018"]
[Site "Jastrzebia Gora"]
[Date "1899-12-30"]
[Round "6.13"]
[White "Walter, Szymon"]
[Black "Szadkowski, Kamil"]
[Result "1/2-1/2"]
[WhiteTitle "k+"]
[BlackTitle "FM"]
[WhiteElo "2307"]
[BlackElo "2277"]

1. e4 e5 2. Nf3 Nc6 3. Bb5 a6 4. Ba4 Nf6 5. O-O b5 6. Bb3 Be7 7. Re1 d6 8. c3 O-O
9. d4 Bg4 10. Be3 Re8 11. Nbd2 Bf8 12. h3 Bh5 13. g4 Bg6 14. Bc2 d5 15. Bg5 Be7
16. Bxf6 Bxf6 17. exd5 Qxd5 18. Bb3 Qd7 19. d5 Na5 20. Ne4 Bxe4 21. Rxe4 Rad8
22. Qe2 g6 23. Rd1 Qd6 24. Bc2 Bg7 25. g5 Nb7 26. Re3 Kf8 27. Re1 Qe7 28. h4 Qd7
29. Nxe5 Bxe5 30. Rxe5 Rxe5 31. Qxe5 Qg4+ 32. Kf1 Qh3+ 1/2-1/2

[Event "DRUZYNOWE MISTRZOSTWA POLSKI - II LIGA 2018"]
[Site "Jastrzebia Gora"]
[Date "1899-12-30"]
[Round "6.14"]
[White "Snihur, Piotr"]
[Black "Szostko, Jakub"]
[Result "1-0"]
[WhiteTitle "k"]
[BlackTitle "FM"]
[WhiteElo "2233"]
[BlackElo "2299"]

1. e4 c5 2. Nf3 d6 3. d4 cxd4 4. Nxd4 Nf6 5. Nc3 a6 6. Be2 e5 7. Nb3 Be7 8. Be3
Be6 9. O-O O-O 10. Qd3 Nbd7 11. Nd5 Bxd5 12. exd5 b6 13. a4 a5 14. Nd2 Nc5 15.
Bxc5 bxc5 16. Nc4 Nd7 17. Ra3 Rb8 18. Rb1 Rb4 19. c3 Rb7 20. Qd1 Qa8 21. Ne3 Bg5
22. Nf5 Qb8 23. Bb5 g6 24. Qg4 h6 25. Bxd7 Rxb2 26. Rf1 Rb1 27. Ra1 Rxa1 28. Rxa1
Qb2 29. Rd1 gxf5 30. Bxf5 Kh8 31. h4 Bd8 32. Be4 f5 33. Bxf5 Qb7 34. Rb1 Qf7 35.
Rb8 Be7 36. Rxf8+ Qxf8 37. Qg6 Qg7 38. Qe8+ Qf8 39. Qg6 Qg7 40. Qe8+ Qf8 41. Qd7
Qd8 42. Qe6 Qf8 43. g3 Bf6 44. Kf1 Kg7 45. Be4 Qe7 46. Qc8 Qd8 47. Qf5 Kf8 48.
Qh7 Bg7 49. Bf5 Qf6 50. Be6 Ke7 51. Qb1 Qf8 52. Qb6 e4 53. Qxa5 Qb8 54. c4 Bd4
55. Qb5 Qxb5 56. axb5 e3 57. f4 Kd8 58. b6 Bc3 59. Ke2 Ba5 60. b7 Kc7 61. Kxe3
Be1 62. Kf3 Kxb7 63. h5 Kc7 64. g4 Bd2 65. Ke4 Kd8 66. Kf5 Ke7 67. g5 hxg5 68.
fxg5 Kf8 69. h6 Bc1 70. Kg6 Bd2 71. Kh5 Bc3 72. g6 Bd4 73. g7+ Bxg7 74. hxg7+
Kxg7 75. Kg5 Kf8 76. Kf6 Ke8 77. Bf5 Kd8 78. Ke6 Kc7 79. Ke7 1-0

[Event "DRUZYNOWE MISTRZOSTWA POLSKI - II LIGA 2018"]
[Site "Jastrzebia Gora"]
[Date "1899-12-30"]
[Round "6.15"]
[White "Dzierzak, Radoslaw"]
[Black "Szadkowski, Krzysztof"]
[Result "1-0"]
[WhiteTitle "I++"]
[BlackTitle "k"]
[WhiteElo "2282"]
[BlackElo "2145"]

1. e4 Nf6 2. e5 Nd5 3. d4 d6 4. c4 Nb6 5. exd6 exd6 6. Nc3 Be7 7. Bd3 Nc6 8. Nge2
Bg4 9. f3 Bh5 10. O-O Bg6 11. Bxg6 hxg6 12. d5 Ne5 13. b3 Bh4 14. Nd4 Qd7 15.
h3 g5 16. Ne4 O-O-O 17. a4 Kb8 18. a5 Nc8 19. a6 b6 20. Nxg5 Ka8 21. Ne4 Ne7 22.
f4 N5g6 23. Qf3 Rde8 24. Bb2 Bf6 25. Nxf6 gxf6 26. Qd3 Nh4 27. Rae1 Reg8 28. Re2
Rg7 29. Rff2 Rhg8 30. Kh2 Nef5 31. Nxf5 Nxf5 32. g4 Nh4 33. Bxf6 Rxg4 34. Re7
Qc8 35. Bxh4 Rxh4 36. Qe3 Rxh3+ 37. Qxh3 Rh8 38. Qxh8 Qxh8+ 39. Kg2 Qc8 40. Kg3
f5 41. Rfe2 Qxa6 42. Rxc7 Kb8 43. Rg7 Qc8 44. Ree7 a5 45. Kh4 Qd8 46. Kg5 Qc8
47. Rb7+ 1-0

[Event "DRUZYNOWE MISTRZOSTWA POLSKI - II LIGA 2018"]
[Site "Jastrzebia Gora"]
[Date "1899-12-30"]
[Round "6.16"]
[White "Kwiatkowski, Wiktor"]
[Black "Zochowski, Kacper"]
[Result "0-1"]
[WhiteTitle "I"]
[BlackTitle "k"]
[WhiteElo "1965"]
[BlackElo "2269"]

1. d4 Nf6 2. c4 d6 3. Nc3 Nbd7 4. e4 e5 5. Nf3 Be7 6. Bd3 O-O 7. O-O c6 8. h3 Re8
9. Be3 a6 10. a3 Bf8 11. Qc2 Qc7 12. Rac1 Qb8 13. b4 b5 14. d5 Bb7 15. dxc6 Bxc6
16. Qa2 Qb7 17. Nd2 Be7 18. Rc2 Bd8 19. a4 bxc4 20. Nxc4 Bc7 21. Na3 Nf8 22. b5
axb5 23. Naxb5 Bb8 24. f3 d5 25. exd5 Nxd5 26. Nxd5 Bxd5 27. Bc4 Bxc4 28. Qxc4
e4 29. fxe4 Rxe4 30. Qc8 Bh2+ 0-1

[Event "DRUZYNOWE MISTRZOSTWA POLSKI - II LIGA 2018"]
[Site "Jastrzebia Gora"]
[Date "1899-12-30"]
[Round "6.17"]
[White "Zaleski, Lukasz"]
[Black "Leskiewicz, Ignacy"]
[Result "1/2-1/2"]
[WhiteTitle "k"]
[BlackTitle "I++"]
[WhiteElo "2134"]
[BlackElo "1995"]

1. e4 c5 2. Nf3 e6 3. d4 cxd4 4. Nxd4 Nc6 5. Nc3 Qc7 6. g3 a6 7. Bg2 Nf6 8. O-O
Nxd4 9. Qxd4 Bc5 10. Bf4 d6 11. Qd2 h6 12. Rad1 e5 13. Be3 Be6 14. Bxc5 dxc5 15.
Nd5 Bxd5 16. exd5 Qd6 17. f4 exf4 18. Rfe1+ Kd7 19. gxf4 Rhe8 20. Re5 Rxe5 21.
fxe5 Qxe5 22. d6 Ng4 23. Bxb7 Rb8 24. Bxa6 Rb4 25. c3 Nxh2 26. Qe2 Nf3+ 27. Kf1
Nh2+ 28. Kg1 Nf3+ 29. Kf1 Nh2+ 30. Kg1 Nf3+ 1/2-1/2

[Event "DRUZYNOWE MISTRZOSTWA POLSKI - II LIGA 2018"]
[Site "Jastrzebia Gora"]
[Date "1899-12-30"]
[Round "6.18"]
[White "Pastuszko, Kinga"]
[Black "Binkowska, Agata"]
[Result "1-0"]
[WhiteTitle "k+"]
[BlackTitle "I++"]
[WhiteElo "1987"]
[BlackElo "1890"]

1. e4 c5 2. Nf3 e6 3. d4 cxd4 4. Nxd4 a6 5. Bd3 Qc7 6. O-O Nf6 7. f4 Bc5 8. c3
e5 9. fxe5 Qxe5 10. Kh1 Bxd4 11. Rf5 Qe7 12. cxd4 d6 13. Rg5 Nc6 14. Nc3 Nxd4
15. Nd5 Nxd5 16. exd5 Kf8 17. Bd2 f6 18. Rh5 Kg8 19. Qa4 Qf7 20. Rh4 Nf5 21. Re4
Bd7 22. Qb4 b5 23. g4 Qxd5 24. Bc2 Qb7 25. Bb3+ d5 26. gxf5 Bxf5 27. Re7 1-0

[Event "DRUZYNOWE MISTRZOSTWA POLSKI - II LIGA 2018"]
[Site "Jastrzebia Gora"]
[Date "1899-12-30"]
[Round "6.19"]
[White "Kumala, Aleksander"]
[Black "Chylewski, Patryk"]
[Result "1-0"]
[WhiteTitle "k"]
[BlackTitle "FM"]
[WhiteElo "2197"]
[BlackElo "2275"]

1. d4 d5 2. Nc3 Nf6 3. Bf4 a6 4. e3 e6 5. g4 c5 6. g5 Nfd7 7. Nf3 Nc6 8. h4 Be7
9. Qd2 b5 10. e4 b4 11. Nxd5 exd5 12. exd5 Nxd4 13. Nxd4 cxd4 14. d6 Bb7 15. Rh3
Nc5 16. dxe7 Qxe7+ 17. Qe2 Qxe2+ 18. Bxe2 Ne6 19. Bd6 O-O-O 20. Bxb4 Nf4 21. Bg4+
Kb8 22. Rb3 Ng2+ 23. Kd2 Nxh4 24. Re1 Ng6 25. f4 f6 26. gxf6 gxf6 27. Be7 Rd5
28. Rxb7+ Kxb7 29. Bf3 Nxf4 30. Bd6 Kb6 31. Bxf4 Rf5 32. Re6+ Ka7 33. Re7+ Kb6
34. Bc7+ Kc5 35. Be4 Rh5 36. Re6 Rg8 37. Rc6+ Kb5 38. Rb6+ Kc5 39. b4+ Kc4 40.
Bd3+ Kd5 41. Rd6+ 1-0

[Event "DRUZYNOWE MISTRZOSTWA POLSKI - II LIGA 2018"]
[Site "Jastrzebia Gora"]
[Date "1899-12-30"]
[Round "6.20"]
[White "Winiarski, Mikolaj"]
[Black "Kasperek, Ryszard"]
[Result "1/2-1/2"]
[WhiteTitle "FM"]
[BlackTitle "m"]
[WhiteElo "2211"]
[BlackElo "2172"]

1. d4 Nf6 2. c4 e6 3. Nc3 Bb4 4. e3 b6 5. Nge2 c5 6. a3 Ba5 7. Rb1 Na6 8. Bd2 O-O
9. Nf4 Bxc3 10. Bxc3 Bb7 11. Bd3 cxd4 12. Bxd4 d6 13. Bxf6 Qxf6 14. O-O Nc5 15.
Bc2 Rac8 16. b4 Ne4 17. f3 Ng5 18. h4 Nxf3+ 19. gxf3 Qxh4 20. Bd3 d5 21. cxd5
Qg3+ 22. Ng2 Rc3 23. Qd2 Rxa3 24. dxe6 fxe6 25. Be4 Bxe4 26. fxe4 Rxf1+ 27. Rxf1
h6 28. b5 Qg6 29. Qd4 Ra2 30. Rf2 Ra5 31. Qe5 Ra3 32. Kh2 Ra4 33. Nf4 Qxe4 34.
Qxe6+ Kh7 35. Qxe4+ Rxe4 36. Ne2 Rxe3 37. Nd4 Ra3 38. Rf7 a6 39. Ra7 Ra4 40. Ne6
axb5 41. Rxg7+ Kh8 42. Rb7 Re4 43. Rxb6 b4 44. Nc5 Rc4 45. Nd3 Rc3 46. Nxb4 Rb3
47. Rxh6+ Kg7 48. Rh4 Kf6 49. Kg2 Rb2+ 50. Kf3 Rb3+ 51. Ke2 Rb2+ 52. Ke3 Ke6 53.
Nd3 Ra2 54. Rh5 Ra3 55. Rb5 Kd6 56. Ke4 Kc6 57. Rc5+ Kd6 58. Rd5+ Ke6 59. Nc5+
Ke7 60. Re5+ Kd6 61. Kd4 Ra1 62. Re6+ Kc7 63. Ne4 Rd1+ 64. Kc4 Rc1+ 65. Nc3 Kd7
66. Rh6 Rc2 67. Kd4 Rg2 68. Ne4 Rg1 69. Kd5 Rd1+ 70. Ke5 Kc7 71. Nc3 Re1+ 72.
Kd5 Kb7 73. Rg6 Rh1 74. Kc5 Rc1 75. Rg7+ Ka6 76. Kd4 Rh1 77. Rg6+ Kb7 78. Nd5
Rd1+ 79. Ke5 Ka7 80. Kd6 Kb7 81. Rg7+ Ka6 82. Rg2 Rh1 83. Rb2 Ka5 84. Nf4 Rd1+
85. Kc5 Rc1+ 86. Kd4 Rh1 87. Nd3 Rh4+ 88. Kd5 Rh5+ 89. Ne5 Ka4 90. Kd4 Rh4+ 91.
Kc3 Rh3+ 92. Nd3 Ka5 93. Rb1 Ka6 94. Kc4 Rh4+ 95. Kd5 Rh5+ 96. Ne5 Ka5 97. Kd4
Rh4+ 98. Kc5 Ka4 99. Nf3 1/2-1/2